00439nam a2200157Ia 4500008004100000020002200041041000800063082001600071100001700087245006400104260003500168300001200203365001200215650002700227650002700254210719s2020 xx 000 0 und d a978-93-86797-83-4 aeng a820.33 DESS aDE (Shobhaa) aSrilaaji:the gilded life and longings of a marwari goodwife aLondonbSimon & Schusterc2020 a263bPB b399cRs aIndian English Fiction aIndian English Fiction